|
|
|
|
| LEADER |
01030nam a2200253 a 4500 |
| 001 |
GR-MES1545 |
| 008 |
991111s1995 gr 000 0 gre d |
| 020 |
|
|
|a 9604100378
|
| 040 |
|
|
|a GrPaTEI
|b gre
|c GR-PaULI
|
| 082 |
|
0 |
|a Ξ
|
| 100 |
1 |
|
|a Martinez, Tomas Eloy
|
| 245 |
1 |
0 |
|a Σάντα Εβίτα /
|c Τόμας Ελοϋ Μαρτίνες ; μετάφραση Κατερίνα Ρούφου.
|
| 260 |
|
|
|a Αθήνα :
|b Ωκεανίδα,
|c 1995
|
| 300 |
|
|
|a 430σελ.
|
| 500 |
|
|
|a Τίτλος πρωτοτύπου:Santa Evita
|
| 650 |
|
4 |
|a Λατινοαμερικάνικη Λογοτεχνία
|
| 650 |
|
4 |
|a Μυθιστόρημα
|
| 650 |
|
4 |
|a Ξένη Λογοτεχνία
|
| 700 |
1 |
|
|a Ρούφου, Κατερίνα
|
| 710 |
0 |
|
|a Ωκεανίδα
|
| 942 |
|
|
|2 ddc
|
| 952 |
|
|
|0 0
|1 0
|2 ddc
|4 0
|6 Ξ_MAR
|7 0
|9 265777
|a MSLG
|b MSLG
|c BSC
|d 2021-01-17
|e 24
|f 1
|g 0.00
|l 0
|o Ξ MAR
|p 2420000009356
|r 2021-01-17 00:00:00
|t 1
|w 2021-01-17
|y BK15
|x 19991111 0 ΜΑΤΣΙΩΡΗ 1
|x GrPaTEI
|
| 971 |
|
|
|a .b25725889
|b 01-10-20
|c 13-09-16
|
| 999 |
|
|
|c 152783
|d 152783
|